Microbiology (Record no. 128395)
[ view plain ]
| 000 -LEADER | |
|---|---|
| fixed length control field | 00573nam a2200229Ia 4500 |
| 003 - CONTROL NUMBER IDENTIFIER | |
| control field | OSt |
| 005 - DATE AND TIME OF LATEST TRANSACTION | |
| control field | 20231006141440.0 |
| 008 - FIXED-LENGTH DATA ELEMENTS--GENERAL INFORMATION | |
| fixed length control field | 210210b2000 xxu||||| |||| 00| 0 eng d |
| 020 ## - INTERNATIONAL STANDARD BOOK NUMBER | |
| International Standard Book Number | 0070492344 |
| 040 ## - CATALOGING SOURCE | |
| Transcribing agency | AL |
| 041 ## - LANGUAGE CODE | |
| Language code of text/sound track or separate title | eng |
| 082 ## - DEWEY DECIMAL CLASSIFICATION NUMBER | |
| Classification number | 576/29 PELM |
| 100 ## - MAIN ENTRY--PERSONAL NAME | |
| Personal name | PELCZAR (Michael J),CHAN (E C S) |
| 9 (RLIN) | 91629 |
| 245 ## - TITLE STATEMENT | |
| Title | Microbiology |
| 250 ## - EDITION STATEMENT | |
| Edition statement | 5. |
| 260 ## - PUBLICATION, DISTRIBUTION, ETC. | |
| Place of publication, distribution, etc. | New Delhi |
| Name of publisher, distributor, etc. | Tata McGraw-Hill Publishing Company Ltd. |
| Date of publication, distribution, etc. | 2000 |
| 300 ## - PHYSICAL DESCRIPTION | |
| Extent | viii,918 |
| 650 ## - SUBJECT ADDED ENTRY--TOPICAL TERM | |
| Topical term or geographic name entry element | Microbiology |
| 9 (RLIN) | 91630 |
| 700 ## - ADDED ENTRY--PERSONAL NAME | |
| Personal name | KRIEG (Noel R) |
| 9 (RLIN) | 91631 |
| 906 ## - LOCAL DATA ELEMENT F, LDF (RLIN) | |
| a | 055428 |
| 942 ## - ADDED ENTRY ELEMENTS (KOHA) | |
| Source of classification or shelving scheme | Dewey Decimal Classification |
| Koha item type | Book |
| Withdrawn status | Lost status | Source of classification or shelving scheme | Damaged status | Not for loan | Collection code | Home library | Current library | Shelving location | Date acquired | Source of acquisition | Cost, normal purchase price | Total Checkouts | Full call number | Barcode | Date last seen | Price effective from | Koha item type |
|---|---|---|---|---|---|---|---|---|---|---|---|---|---|---|---|---|---|
| Dewey Decimal Classification | Microbiology | St Aloysius Library | St Aloysius Library | UGC Book Bank | 02/17/2021 | Sita Book House, Mangalore. | 375.00 | 576/25 PELM | 055425 | 02/17/2021 | 02/17/2021 | Book | |||||
| Dewey Decimal Classification | Microbiology | St Aloysius Library | St Aloysius Library | UGC Book Bank | 02/17/2021 | Sita Book House, Mangalore. | 375.00 | 576/26 PELM | 055424 | 02/17/2021 | 02/17/2021 | Book | |||||
| Dewey Decimal Classification | Microbiology | St Aloysius Library | St Aloysius Library | UGC Book Bank | 02/17/2021 | Sita Book House, Mangalore. | 375.00 | 576/27 PELM | 055426 | 02/17/2021 | 02/17/2021 | Book | |||||
| Dewey Decimal Classification | Microbiology | St Aloysius Library | St Aloysius Library | UGC Book Bank | 02/17/2021 | Sita Book House, Mangalore. | 375.00 | 576/28 PELM | 055427 | 02/17/2021 | 02/17/2021 | Book | |||||
| Dewey Decimal Classification | Microbiology | St Aloysius Library | St Aloysius Library | UGC Book Bank | 02/17/2021 | Sita Book House, Mangalore. | 375.00 | 576/29 PELM | 055428 | 02/17/2021 | 02/17/2021 | Book | |||||
| Dewey Decimal Classification | Microbiology | St Aloysius Library | St Aloysius Library | UGC Book Bank | 07/19/2021 | 576/10 PELM | D01545 | 07/19/2021 | 07/19/2021 | Donated Books | |||||||
| Dewey Decimal Classification | Microbiology | St Aloysius Library | St Aloysius Library | UGC Book Bank | 04/21/2023 | 576/1 PELM | D00442 | 04/21/2023 | 04/21/2023 | Donated Books | |||||||
| Dewey Decimal Classification | Microbiology | St Aloysius Library | St Aloysius Library | UGC Book Bank | 04/21/2023 | 576/2 PELM | D00443 | 04/21/2023 | 04/21/2023 | Donated Books | |||||||
| Dewey Decimal Classification | Microbiology | St Aloysius Library | St Aloysius Library | UGC Book Bank | 04/21/2023 | 576/3 PELM | D00444 | 04/21/2023 | 04/21/2023 | Donated Books | |||||||
| Dewey Decimal Classification | Microbiology | St Aloysius Library | St Aloysius Library | UGC Book Bank | 04/21/2023 | 576/4 PELM | D00445 | 04/21/2023 | 04/21/2023 | Donated Books | |||||||
| Dewey Decimal Classification | Microbiology | St Aloysius Library | St Aloysius Library | UGC Book Bank | 07/19/2021 | 576/11 PELM | D01546 | 04/21/2023 | 07/19/2021 | Donated Books | |||||||
| Dewey Decimal Classification | Microbiology | St Aloysius Library | St Aloysius Library | UGC Book Bank | 07/19/2021 | 576/12 PELM | D01547 | 04/21/2023 | 07/19/2021 | Donated Books | |||||||
| Dewey Decimal Classification | Microbiology | St Aloysius Library | St Aloysius Library | UGC Book Bank | 07/19/2021 | 576/13 PELM | D01548 | 04/21/2023 | 07/19/2021 | Donated Books | |||||||
| Dewey Decimal Classification | Microbiology | St Aloysius Library | St Aloysius Library | UGC Book Bank | 07/19/2021 | 576/14 PELM | D01549 | 04/21/2023 | 07/19/2021 | Donated Books |